Państwa według częściowego zdjęcia satelitarnego - Statystyki

Ogólne statystyki
  • Ten quiz został rozwiązany 25 razy
  • Średni wynik to 9 z 16
Statystyki odpowiedzi
Obrazkowy Odpowiedź % Poprawnych
Brazylia
82%
Egipt
82%
Indonezja
82%
Polska
82%
Chorwacja
73%
Stany Zjednoczone
73%
Kuba
59%
Wielka Brytania
55%
Turcja
50%
Estonia
45%
Katar
45%
Holandia
41%
Mozambik
41%
Wenezuela
32%
Azerbejdżan
23%
Turkmenistan
23%
Nie znaleziono quizów pasujących do podanych kryteriów
Rozkład punktacji
Procent ludzi z każdym wynikiem
Percentyl według liczby udzielonych odpowiedzi
Twoja historia wyników
Nie rozwiązałeś tego quizu